Un Enyor perdurable : Joan Oller Rabassa, després / per Octavi Saltor de la R.A. de B.Ll. de B. Joan Oller Rabassa, després / per Octavi Saltor de la R.A. de B.Ll. de B.
Publicado:
San Jorge, núm. 84 (4t trimestre 1971), pàg. 133 - 135 :
MARC
| LEADER | 00000nam a2200000Ia 4500 | ||
|---|---|---|---|
| 001 | |||
| 008 | 160829s9999 xx 000 0 cat d | ||
| 100 | 1 | |a Saltor, Octavi, |d 1902-1982 |9 29621 | |
| 245 | |a Un Enyor perdurable : |b Joan Oller Rabassa, després / per Octavi Saltor de la R.A. de B.Ll. de B. | ||
| 260 | |a San Jorge, núm. 84 (4t trimestre 1971), pàg. 133 - 135 | ||
| 650 | |a Oller i Rabassa, Joan |9 41659 | ||
| 650 | |a Escriptors catalans |x Segle XX |9 42333 | ||
| 901 | |a Arxiu | ||
| 942 | |n 1 | ||
| 952 | |0 0 |1 0 |4 0 |7 1 |9 50359 |a Arxiu |b Arxiu |d 2016-12-01 |l 0 |r 2016-12-01 00:00:00 |w 2016-12-01 |y ARXIU | ||
| 999 | |c 54201 |d 54201 | ||